| 000 | 00807nam a22002057a 4500 | ||
|---|---|---|---|
| 999 |
_c12048 _d12048 |
||
| 003 | AR-CdUCM | ||
| 008 | 190405b ||||| |||| 00| 0 spa d | ||
| 040 |
_aMUNICIPALIDAD PROVINCIAL DEL CUSCO _cBIBLIOTECA MUNICIPAL DEL CUSCO |
||
| 082 |
_aES / 808.83 / _bG77 |
||
| 110 |
_aEditorial Noguer S.A. _929704 |
||
| 245 |
_aEl gran libro de los animales : _bLos mejores cuentos de todos los países / |
||
| 260 |
_aBarcelona : _bEditorial Noguer, S.A., _c1961. |
||
| 300 |
_a236 paginas _c24 cm. |
||
| 505 | _aContenido :Los tres cerditos -- La merienda de locos -- La zorra y los gansos -- La pierna perdida -- El elefantito ... | ||
| 650 |
_aCuentos tradicionales _925573 |
||
| 650 |
_aHistorietas juveniles _929705 |
||
| 700 |
_aCampuzano, María (traductor) _929706 |
||
| 942 |
_2ddc _cLIBROS |
||
| 945 | _arum | ||